| 000 | 00626nam a22002057a 4500 | ||
|---|---|---|---|
| 003 | OSt | ||
| 005 | 20210219160112.0 | ||
| 008 | 210219b ||||| |||| 00| 0 eng d | ||
| 020 | _a9780723434740 | ||
| 040 |
_aPHNSL _cPHNSL |
||
| 245 |
_aEssential skills handbook for nurses and midwives / _cMaggie, Nicol ...[et al]. |
||
| 250 | _a3rd ed. | ||
| 260 |
_aEdingburgh : _bMosby, _c2008. |
||
| 300 |
_aviii, 361 p. : _bill. |
||
| 490 | _a Essential skills for nurses series | ||
| 500 | _aPrevious edition: 2004. | ||
| 650 |
_aNursing _vMidwifery handbook _xHandbooks, manuals, etc. |
||
| 700 | _aNicol, Maggie | ||
| 942 |
_2lcc _cBK |
||
| 999 |
_c467 _d467 |
||